01010nam a2200265 a 450000100060000000300080000600500170001400800390003103500190007004000270008904100110011608200250012724500570015226000540020930000340026350000200029750500240031765000290034165000220037070000330039294200120042599900170043795201450045495201450059973850BD-RjUL20211209082444.0170613s1966 ne a b 001 0 eng a(BD-RjUL)74068 aDLCcDLCdBD-RjULbeng0 aengfre00a541.33223bSOL 1967 aThe solid-gas interface /cEdited by E. Alison Flood aNew York :bEdward arnold publishers ltd.,cc1967 axii, 514 p. :bill. ;c24 cm. aIncludes index.0 aVol. 1---Vol.2----- 0aSurface chemistry931275 0aAdsorption931276 aFlood, Edward Alison9218682 2ddccBK c73850d73850 00102ddc40718NFICaRUCLbRUCLcReadingd1969-08-23eZeitlingerg175.00l0o541.33 SOL V-1 1967r2017-06-13 00:00:00tC-1w2017-06-13yBK 00102ddc40718NFICaRUCLbRUCLcReadingd1969-08-23eZeitlingerg175.00l0o541.33 SOL V-2 1967r2017-06-13 00:00:00tC-1w2017-06-13yBK